تاريخ العقاقير والعلاج / Tārīkh al-ʻaqāqīr wa-al-ʻilāj

Saved in:

Main Author: Ṣābir Jabrah.

Format: Book

Language: Undetermined

Published: Miṣr matbaeat mukhaymar 1960

Series: مطبوعات الاكاديمية المصرية للصيدلة

Tags: Add Tag

No Tags, Be the first to tag this record!

Call Number: O70 JABR

LEADER 00460nam a2200133Ia 4500
008 240404s9999||||xx |||||||||||||| ||und||
050 4 |a O70 JABR 
100 1 |a Ṣābir Jabrah. 
245 1 0 |a تاريخ العقاقير والعلاج / Tārīkh al-ʻaqāqīr wa-al-ʻilāj  |c Ṣābir Jabrah 
264 1 |a Miṣr  |b matbaeat mukhaymar  |c 1960 
300 |a 164  |c 24 
490 0 |a مطبوعات الاكاديمية المصرية للصيدلة 
942 |2 lcc  |c BK 
999 |c 58109  |d 58109